banner koha

O Conselho de segurança, as missões de paz e o Brasil no mecanismo de segurança coletiva das Nações Unidas / (Registro n. 8592)

MARC details
000 -LÍDER
campo de controle de tamanho fixo 01922nam a2200241 a 4500
001 - NÚMERO DE CONTROLE
campo de controle BS0003532
003 - IDENTIFICADOR DO NÚMERO DE CONTROLE
campo de controle BR-BrBNA
005 - DATA E HORÁRIO DA ÚLTIMA TRANSAÇÃO
campo de controle 20230418192335.0
008 - CAMPO DE DADOS FIXOS--INFORMAÇÃO GERAL
campo de controle de tamanho fixo 230308b |||||||| |||| 00| 0 por d
040 ## - FONTE DA CATALOGAÇÃO
Instituição da catalogação original BR-BrBNA
Idioma da catalogação por
Instituição que transcreveu o registro Biblioteca Nacional de Agricultura
041 ## - CÓDIGO DE IDIOMA
Código do idioma do texto/trilha sonora ou título diferente por
072 ## - CÓDIGO DE CATEGORIA DE ASSUNTO
Código de Categoria de Assunto B53
090 ## - NÚMERO DE CHAMADA LOCAL
Número de chamada B53 BS0003532
100 1# - ENTRADA PRINCIPAL--NOME PESSOAL
Nome pessoal Uziel, Eduardo
245 1# - TÍTULO
Título O Conselho de segurança, as missões de paz e o Brasil no mecanismo de segurança coletiva das Nações Unidas /
250 1# - EDIÇÃO
Edição 2. ed.
260 3# - PUBLICAÇÃO, DISTRIBUIÇÃO, ETC.
Local de publicação, distribuição, etc. Brasília, DF:
Nome do editor, distribuidor, etc. Fundação Alexandre Gusmão,
Data da publicação, distribuição, etc. 2015.
300 ## - DESCRIÇÃO FÍSICA
Extensão 326 p.
520 3# - NOTA DE RESUMO, ETC
Resumo, etc. O CONSELHO DE SEGURANÇA, AS MISSÕES DE PAZ...<br/>O livro trata do papel das operações de manutenção da paz das Nações Unidas (em suas diferentes modalidades e formatos)como meio da atuação da Organização no cenário internacional e como instrumento utilizado com frequência pelo Conselho de Segurança. Discute também o papel que o Brasil desempenha nos esforços multilaterais de encaminhamento e solução pacífica de conflitos armados. Analisa as operações de manutenção da paz como evolução inovadora do mecanismo de segurança coletiva estabelecido originalmente pela Carta de São Francisco, em 1945, e interpreta os interesses políticos que moldaram o desenvolvimento de tais missões e determinaram a participação de Estados como contribuintes de tropas. É investigada a decisão do Brasil de apoiar as operações de manutenção da paz e delas participar em suas diversas fases. Recebe particular atenção a dinâmica política recente do Conselho de Segurança, a qual determina a estrutura e o mandato das missões, bem como a atuação brasileira naquele foro. Esta segunda edição vem acrescida de prefácio do Embaixador Ronaldo Mota Sardenberg e de posfácio do autor.<br/>
650 ## - ASSUNTO--TERMO TÓPICO
Cabeçalho tópico ou nome geográfico RELAÇÕES INTERNACIONAIS
909 ## -
-- 202304
-- Sergio Santos
-- 56
-- Sergio Santos
942 ## - ELEMENTOS DE ENTRADA ADICIONADOS (KOHA)
Tipo de material Koha Livros
Exemplares
Situação do descarte Fonte da classificação ou esquema de arquivamento na estante Situação física Não pode ser emprestado Coleção Biblioteca de origem Biblioteca atual Total de empréstimos Número de telefone completo Código de barras Data de último acesso Número do exemplar Tipo de material Koha Situação das perdas Data de aquisição Fonte de aquisição Qualificador de local codificado
  Classificação AGRIS     Acervo Cultural Biblioteca Nacional de Agricultura - Binagri Biblioteca Nacional de Agricultura - Binagri   B53 BS0003532 B53 BS0003532 12/04/2023 01 Livros   2023-04-04 Doação B53

BINAGRI

Telefone: (61)3218-2567/2388/3357/2097 - binagri@agro.gov.br

Ministério da Agricultura e Pecuária , Esplanada dos Ministérios, Bloco D, Anexo B, Brasília/DF, CEP: 70.043-900